| 000 | 00872nam a22002295a 4500 | ||
|---|---|---|---|
| 005 | 20090829114134.0 | ||
| 008 | 090121s2009 ii 010 0 eng d | ||
| 010 | _aENG-94974 | ||
| 020 |
_c150.00 _a8189713027 |
||
| 035 | _aEN-78507 | ||
| 037 | _aDBAD / PUB | ||
| 040 |
_adpl _bEnglish |
||
| 082 | _a005.1 | ||
| 100 | _aArulselvi, A. Christiyana | ||
| 245 |
_aDesign and analysis of algoritham / _cby A. Christiyana Arulselvi |
||
| 260 |
_aDindigul _bPeace Trust (Newed Publication) _c2008 |
||
| 270 |
_aH2/30, R.M. Cololy, _bDindigul _e624001 |
||
| 300 |
_aviii, 121p. _c22cm(pbk) |
||
| 500 | _aIncludes bibliographical references | ||
| 942 |
_2ddc _cEN _mARU _h005.1 |
||
| 999 |
_c29786 _d29786 |
||